POZNÁMKY Z CESTY PO JUHOSLÁVII

Bibliographic Details
Main Authors: Paulusová, A. (Author), Kraskovská, Ľudmila, 1904-1999 (Author)
Format: Article
Language:Slovak
Subjects:

MARC

LEADER 00000nab a22000001a 4500
001 vtls010803057
003 SK-MaSNL
005 20260305043354.0
008 230131s1965 xo |||||||||||||||||slo|
035 |a (urnnbn)urn:nbn:sk:snk:ar-a02sli 
035 |a (uuid)39b8a399-e4e5-49fb-8375-09f6211f268e 
035 |a urn:nbn:sk:snk-ab4nst 
040 |a SNKBUCL  |b slo  |c SNKBUCL  |e AACR2 
041 0 |a slo 
044 |a xo  |c SK 
080 |a 069  |2 2001 
080 |a (497.1)  |2 2001 
080 |a 069-051  |2 2001 
100 1 |a Paulusová, A.  |4 aut  |9 726189 
245 1 0 |a POZNÁMKY Z CESTY PO JUHOSLÁVII  |c A. Paulusová, Ľ. Kraskovská 
650 0 7 |a múzeá  |2 SNKPH  |9 4119 
650 0 7 |a študijné cesty  |2 SNK  |9 81603 
650 0 7 |a múzejníci  |2 SNKPH  |9 85927 
650 0 7 |a poznámky  |2 SNK  |9 670829 
650 0 7 |a expozície  |2 SNK  |9 29734 
650 0 7 |a múzejné expozície  |2 SNK  |9 81737 
651 7 |a Juhoslávia  |2 SNKPH  |9 22118 
700 1 |a Kraskovská, Ľudmila,  |d 1904-1999  |4 aut  |9 15292 
773 0 |t Múzeum : študijný a informačný materiál  |g Roč. 10, č. 2 (1965), s. 31-34 
954 |a odborná, vedecká literatúra pôvodná (slovenská)  |2 lita 
958 |a OND 
958 |a EUIPO 
958 |a article3 
999 |c 3353262  |d 3355192